000
00299nam a22001097a 4500
008
160428b xxu||||| |||| 00| 0 eng d
020
_a
0632002840
041
_a
eng
080
_a
612.39
245
1
0
_a
Gastro-intestinal pathology:
_c
Basil C. Morson; Ian M.P. Dawson; Arthur I. Spriggs;
942
_2
udc
_c
BK
999
_c
1660
_d
1660